00480nam a22001337a 4500003000500000038001800005082000800023100001900031245013000050264003700180650003700217700003500254856005700289NUST aNusrat Nadeem a200 aAyesha Aslam,  aPerformance Evaluation of Green Nanomaterial Assisted Microbial Electrolysis Cell for Biohydrogen Production /cAslam, Ayesha aIslamabad:bUSPCAS-E NUSTc2026. aPhD-Energy Systems Engineering  aSupervisor: Dr. Rabia Liaquat  uhttp://10.250.8.41:8080/xmlui/handle/123456789/57304